000 00927nam a22002777a 4500
001 5544
003 FISKH
005 20241217114305.0
008 241217b cb ||||| |||| 00| 0 eng d
020 _a9781606310588
040 _aFISKH
_beng
_cFISKH
_dFISKH
050 _aBL783.B79
082 _a398.2093801
100 _aBryant, Megan E.
245 _aOh my gods! :
_ba look-it-up guide to the gods of mythology /
_cby Megan E. Bryant
260 _aNew York :
_bScholastic ;
_c2010.
300 _a128 pages :
_bcolor illustrations ;
_c24 cm .
490 _aMythlopedia
505 _aS
520 _aPresents a guide to Greek mythology, providing profiles of gods and goddesses along with information on monsters, heroes, and the underworld.
521 8 _a800
_bLexile estimate
521 8 _aS
_bRaz-Plus
650 _aMythology, Greek
_vJuvenile literature
942 _2ddc
_cBK
_n0
999 _c5544
_d5544